Statistics for Ultimate Spanish Animals Quiz

Click here to take the quiz!

General Stats

  • This quiz has been taken 101 times
  • The average score is 45 of 73

Answer Stats

SpanishEnglish% Correct
PerroDog
95%
LeónLion
93%
GatoCat
89%
CaballoHorse
89%
BúfaloBuffalo
88%
ElefanteElephant
88%
TigreTiger
88%
PezFish
87%
RinoceronteRhino
87%
VacaCow
86%
RatónMouse
86%
SerpienteSnake
86%
PolloChicken
84%
CocodriloCrocodile
83%
JirafaGiraffe
83%
LeopardoLeopard
83%
CoalaKoala
82%
ToroBull
80%
DelfínDolphin
80%
PingüinoPenguin
80%
CebraZebra
80%
PajaroBird
79%
MonoMonkey
79%
TortugaTurtle
79%
CerdoPig
78%
BurroDonkey
76%
OsoBear
74%
ArañaSpider
74%
LoboWolf
72%
MariposaButterfly
71%
CabraGoat
71%
ZorroFox
70%
TiburónShark
70%
ConejoRabbit
68%
CalamarSquid
68%
AbejaBee
66%
CamelloCamel
66%
ÁguilaEagle
64%
CanguroKangaroo
64%
PatoDuck
63%
RanaFrog
63%
HalcónFalcon
62%
OvejaSheep
62%
BallenaWhale
62%
HormigaAnt
59%
PanteraPanther
58%
Estrella de MarStarfish
57%
CamarónShrimp
55%
GalloRooster
53%
PulpoOctopus
51%
PavoTurkey
51%
LagartoLizard
46%
LangostaLobster
45%
MurciélagoBat
43%
CangrejoCrab
43%
BúhoOwl
43%
FocaSeal
42%
MedusaJellyfish
41%
CiervoDeer
39%
ArdillaSquirrel
39%
GansoGoose
38%
PerezosoSloth
38%
CisneSwan
34%
MantarrayaStingray
32%
PalomaDove
30%
CastorBeaver
29%
OstraOyster
26%
CuervoRaven
24%
PolillaMoth
21%
ZorrilloSkunk
20%
LombrizWorm
17%
MorsaWalrus
16%
TopoMole
14%

Score Distribution

Percentile by Number Answered

Percent of People with Each Score

Your Score History

You have not taken this quiz